000 01978cam a22004694i 4500
003 PE-LiUPU
005 20250731183402.0
008 170814s2015 nyua rb 000 0 spa d
020 _a8416138249
020 _a9788416138241
035 _a(Sirsi) a238257
040 _aPE-LiUPU
_bspa
_cPE-LiUPU
_erda
041 1 _aspa
_heng
049 _aPRUA
082 0 4 _a741.6
_bD12
_223
100 1 _aDabner, David,
_eautor.
245 1 0 _aDiseño gráfico :
_bfundamentos y prácticas /
_cDavid Dabner, Sandra Stewart, Eric Zempol.
250 _aPrimera edición.
264 1 _aBarcelona :
_bBlume,
_c2015.
300 _a208 páginas :
_bilustraciones ;
_c23 centímetros
336 _atext
_2rdacontent
337 _aunmediated
_2rdamedia
338 _avolume
_2rdacarrier
504 _aBibliografía : páginas 202-203.
504 _aIndex : páginas 204-207.
505 0 _aInvestigación y conceptos -- Fundamentos de a compasión -- Fundamentos de tipografía -- Fundamentos del color -- Herramientas y tecnologías -- Producción impresa y presentaciones -- Web e interactividad -- Trayectorias profesionales y colaboraciones.
526 _aP158
526 _aP146
526 _aP17
526 _aP12
526 _aP06
534 _pTítulo original :
_tGraphic desing school.
650 0 4 _aDiseño gráfico.
_94456
700 1 _aStewart, Sandra,
_ecoautor.
700 1 _aZempol, Eric,
_ecoator.
910 _ajck
_bncf
_cncf
_d20170814
942 _2ddc
_cBOOK
949 _a741.6 D12
_wDEWEY
_c1
_i76793
_lCCODEBUL1
_mBUL
_p40.08
_r0
_sY
_tBOOK
_u2017-08-14
_xINGENIERIA
_PP06
_0COMPRA
_o.STAFF. Colección Ingenieria y Arquitectura
596 _a1
999 _a741.6 D12
_wDEWEY
_c24959
_i76793
_f2021-11-10
_g4
_lCCODEBUL1
_mBUL
_p40.08
_r0
_sY
_tBOOK
_u2017-8-14
_xINGENIERIA
_PP06
_0COMPRA
_o.STAFF. Colección Ingeniería y Arquitectura
_d24959
980 _81
_gALBERTO SANCHEZ Responsable de Automatización